Digital signal processing with matlab examples, volume 3: (Record no. 6709)

MARC details
000 -LEADER
fixed length control field 00744nam a22001937a 4500
003 - CONTROL NUMBER IDENTIFIER
control field OSt
005 - DATE AND TIME OF LATEST TRANSACTION
control field 20220107122858.0
008 - FIXED-LENGTH DATA ELEMENTS--GENERAL INFORMATION
fixed length control field 200129b xxu||||| |||| 00| 0 eng d
020 ## - INTERNATIONAL STANDARD BOOK NUMBER
International Standard Book Number 9789811096440
040 ## - CATALOGING SOURCE
Transcribing agency IIITMK
082 ## - DEWEY DECIMAL CLASSIFICATION NUMBER
Classification number 621.3822 GIR/D
100 ## - MAIN ENTRY--PERSONAL NAME
Personal name Giron-Sierra, Jose Maria
9 (RLIN) 17548
245 ## - TITLE STATEMENT
Title Digital signal processing with matlab examples, volume 3:
Remainder of title Model based actions and sparse representation
Statement of responsibility, etc. Jose Maria Giron-Sierra
260 ## - PUBLICATION, DISTRIBUTION, ETC.
Place of publication, distribution, etc. Singapore,
Name of publisher, distributor, etc. Springer,
Date of publication, distribution, etc. 2017.
300 ## - PHYSICAL DESCRIPTION
Extent xvi, 431p.
440 ## - SERIES STATEMENT/ADDED ENTRY--TITLE
Title Signals and communication technology
9 (RLIN) 17549
856 ## - ELECTRONIC LOCATION AND ACCESS
Uniform Resource Identifier <a href="https://www.pdfdrive.com/digital-signal-processing-with-matlab-examples-volume-3-model-based-actions-and-sparse-representation-e158167381.html">https://www.pdfdrive.com/digital-signal-processing-with-matlab-examples-volume-3-model-based-actions-and-sparse-representation-e158167381.html</a>
942 ## - ADDED ENTRY ELEMENTS (KOHA)
Source of classification or shelving scheme Dewey Decimal Classification
Koha item type Books
Holdings
Withdrawn status Lost status Source of classification or shelving scheme Damaged status Not for loan Collection code Home library Current library Shelving location Date acquired Cost, normal purchase price Total Checkouts Total Renewals Full call number Barcode Date last seen Date last checked out Price effective from Koha item type
    Dewey Decimal Classification     Non Fiction Kerala University of Digital Sciences, Innovation and Technology Knowledge Centre Kerala University of Digital Sciences, Innovation and Technology Knowledge Centre Applied Electronics 29/01/2020 5527.00 5 5 621.3822 GIR/D 5629 27/05/2025 10/04/2025 29/01/2020 Books